[Event "AUTO-MASTER-62"]
[Site "http://www.queenalice.com/game.php?id=35464"]
[Date "2005.10.29"]
[Round "1"]
[White "Fuzion"]
[Black "tewald"]
[Result "1-0"]
[WhiteElo "1677"]
[BlackElo "1649"]

1. e4 e5 2. Nf3 Nc6 3. Bb5 d6 4. d4 exd4 5. Nxd4 Bd7 6. Nc3 g6 7. Be3 Bg7 8. Qd2
Nge7 9. O-O-O O-O 10. h4 a6 11. Bc4 Na5 12. Be2 c5 13. Nf3 b5 14. h5 b4 15. Nd5
Nb7 16. hxg6 Nxg6 17. Bh6 f5 18. Bxg7 1-0

[Event "AUTO-MASTER-62"]
[Site "http://www.queenalice.com/game.php?id=35465"]
[Date "2005.10.29"]
[Round "1"]
[White "tewald"]
[Black "Fuzion"]
[Result "1-0"]
[WhiteElo "1912"]
[BlackElo "1706"]

1. d4 Nf6 2. c4 g6 3. Nc3 d5 4. cxd5 Nxd5 5. e4 Nxc3 6. bxc3 Bg7 7. Nf3 c5 8.
Bb2 O-O 9. dxc5 Qc7 10. Bd3 Nd7 11. O-O Nxc5 12. Qe2 Na4 13. Nd4 Nxc3 14. Bxc3
Qxc3 15. Nb5 Qa5 16. Rac1 Bd7 17. Rc2 Rac8 18. Rb1 a6 19. Na7 Rxc2 20. Qxc2 Ra8
21. Rxb7 Qe1+ 22. Bf1 Rxa7 23. Rxa7 Bb5 24. Ra8+ Bf8 25. h3 Qxf1+ 26. Kh2 Qc4
27. Qb2 f6 28. f3 Qc7+ 29. g3 Kf7 30. h4 1-0

[Event "AUTO-MASTER-62"]
[Site "http://www.queenalice.com/game.php?id=35466"]
[Date "2005.10.29"]
[Round "1"]
[White "Fuzion"]
[Black "Brandt"]
[Result "0-1"]
[WhiteElo "1703"]
[BlackElo "1979"]

1. e4 e5 2. Nf3 Nc6 3. Bb5 d6 4. d4 exd4 5. Nxd4 Bd7 6. Nc3 Nge7 7. O-O a6 8.
Ba4 g6 9. Bg5 Bg7 10. Nxc6 Bxc6 11. Bxc6+ bxc6 12. Qd2 O-O 13. Rad1 Qd7 14. Bh6
Nc8 15. Bxg7 Kxg7 16. f4 Rb8 17. b3 Nb6 18. Qd4+ Kg8 19. f5 c5 20. Qe3 Qd8 21.
f6 Nd7 22. Nd5 Kh8 23. Qh6 Rg8 24. Ne7 Nxf6 25. Nc6 Ng4 26. Qh3 Qg5 0-1

[Event "AUTO-MASTER-62"]
[Site "http://www.queenalice.com/game.php?id=35467"]
[Date "2005.10.29"]
[Round "1"]
[White "Brandt"]
[Black "Fuzion"]
[Result "0-1"]
[WhiteElo "1939"]
[BlackElo "1698"]

1. d4 Nf6 2. c4 e6 3. Nc3 Bb4 4. Bg5 h6 5. Bd2 O-O 6. Nf3 c5 7. e3 b6 8. Be2 d6
9. O-O Bb7 10. h3 Nbd7 11. Qb3 Rc8 12. Rad1 Bxc3 13. Bxc3 Qc7 14. Qc2 Rfd8 15.
Rfe1 cxd4 16. Nxd4 a6 17. b4 Ne4 18. b5 Nxc3 19. Qxc3 e5 20. Nf5 Nf6 21. bxa6
Bxa6 22. Qa3 Ra8 23. Qb4 Ne8 24. Rd2 Bc8 25. Red1 Bxf5 0-1

[Event "AUTO-MASTER-62"]
[Site "http://www.queenalice.com/game.php?id=35468"]
[Date "2005.10.29"]
[Round "1"]
[White "Fuzion"]
[Black "refutor"]
[Result "1-0"]
[WhiteElo "1694"]
[BlackElo "1747"]

1. e4 e5 2. Nf3 Nc6 3. Bc4 Nf6 4. Ng5 d5 5. exd5 Na5 6. Bb5+ c6 7. dxc6 bxc6 8.
Qf3 Rb8 9. Bxc6+ Nxc6 10. Qxc6+ Nd7 11. d3 Be7 12. Nf3 Bb7 13. Qc4 Bxf3 14. gxf3
O-O 15. Nd2 Nb6 16. Qg4 Nd5 17. Rg1 Bf6 18. Ne4 h6 19. Bxh6 1-0

[Event "AUTO-MASTER-62"]
[Site "http://www.queenalice.com/game.php?id=35469"]
[Date "2005.10.29"]
[Round "1"]
[White "refutor"]
[Black "Fuzion"]
[Result "1-0"]
[WhiteElo "1727"]
[BlackElo "1735"]

1. d4 d5 2. c4 e6 3. Nc3 Nf6 4. Nf3 c6 5. Bg5 h6 6. Bh4 dxc4 7. e4 g5 8. Nxg5
hxg5 9. Bxg5 Be7 10. Bxc4 Nxe4 11. Bxe7 Nxc3 12. Bxd8 1-0

[Event "Challenge"]
[Site "http://www.queenalice.com/game.php?id=43724"]
[Date "2005.12.16"]
[Round "-"]
[White "mrcoelho"]
[Black "Fuzion"]
[Result "0-1"]
[WhiteElo "1807"]
[BlackElo "1744"]

1. e4 c5 2. Nf3 d6 3. d4 cxd4 4. Qxd4 Nc6 5. Qe3 Nf6 6. Bd3 g6 7. Nc3 Bg7 8. O-O
O-O 9. h3 Bd7 10. Bd2 Nb4 11. a3 Nxd3 12. cxd3 Rc8 13. Qxa7 Qc7 14. Qe3 e6 15.
d4 e5 16. dxe5 dxe5 17. Rac1 Qd6 18. Ne2 Rfd8 19. Bb4 Qe6 20. Ng5 Qa6 21. Nc3
Bc6 22. Rfd1 h6 23. Nf3 Nh5 24. Nd5 Bxd5 25. Rxc8 Rxc8 26. Rxd5 Nf4 27. Nxe5
Nxd5 28. exd5 Re8 29. d6 Bxe5 30. f4 Qb5 31. fxe5 Qxe5 32. Qxh6 Qxb2 33. Qd2 Re2
34. Qxb2 Rxb2 35. Kf1 Rxb4 36. axb4 Kf8 37. Ke2 Ke8 38. h4 Kd7 39. g4 Kxd6 40.
Ke3 Ke5 41. Kf3 b5 42. h5 gxh5 43. gxh5 Kf5 44. h6 Kg6 0-1

[Event "Challenge"]
[Site "http://www.queenalice.com/game.php?id=43725"]
[Date "2005.12.16"]
[Round "-"]
[White "Fuzion"]
[Black "mrcoelho"]
[Result "1-0"]
[WhiteElo "1724"]
[BlackElo "1827"]

1. e4 e5 2. Nf3 Nc6 3. Bb5 a6 4. Ba4 Nf6 5. O-O b5 6. Bb3 d5 7. exd5 e4 8. dxc6
Bc5 9. Ne1 Qd6 10. h3 Qxc6 11. d4 Qd6 12. Be3 O-O 13. Nc3 Bb6 14. a4 c6 15. axb5
cxb5 16. Nxb5 Qb8 17. Na3 Bb7 18. c4 Rd8 19. Qc1 Bc7 20. Nec2 Nh5 21. c5 Bd5 22.
Bxd5 Rxd5 23. b4 Nf4 24. Qd1 Nd3 25. f3 exf3 26. Qxf3 Rd7 27. Rad1 Nb2 28. Rb1
Na4 29. Qc6 Nxc5 30. bxc5 Qc8 31. Bf4 Bxf4 32. Qxc8+ Rxc8 33. Rxf4 1-0

[Event "Challenge"]
[Site "http://www.queenalice.com/game.php?id=75506"]
[Date "2006.6.10"]
[Round "-"]
[White "fcaon"]
[Black "Fuzion"]
[Result "0-1"]
[WhiteElo "1100"]
[BlackElo "1775"]

1. d4 d5 2. Nc3 Nf6 3. Be3 Bf5 4. Qd2 e6 5. h3 Nbd7 6. g4 Bg6 7. Bg2 Nb6 8. g5
Nfd7 9. h4 Nc4 10. Qc1 Nxe3 11. fxe3 h6 12. e4 hxg5 13. Bf3 gxh4 14. exd5 exd5
15. Bxd5 c6 16. Be4 Bxe4 17. Nxe4 Qa5+ 18. c3 Qd5 19. Qf4 Be7 20. Nf3 h3 21.
Nfg5 Bxg5 22. Qxg5 Qxe4 23. Kd2 Qe7 24. Qxg7 O-O-O 25. Qg4 Rdg8 26. Qf3 Qg5+ 27.
Kc2 h2 28. Qxf7 Qg6+ 0-1

[Event "QA-ANNIV-02"]
[Site "http://www.queenalice.com/game.php?id=76836"]
[Date "2006.6.15"]
[Round "1"]
[White "Fuzion"]
[Black "Lightningzap007"]
[Result "1/2-1/2"]
[WhiteElo "1763"]
[BlackElo "1904"]

1. e4 e5 2. Nf3 Nc6 3. Bb5 a6 4. Ba4 Nf6 5. O-O b5 6. Bb3 d6 7. c3 Be7 8. Re1
O-O 9. h3 Bb7 10. d4 Kh8 11. Nbd2 Na5 12. Bc2 exd4 13. cxd4 Re8 14. Nf1 Nc4 15.
b3 Nb6 16. Ng3 g6 17. Kh2 c5 18. d5 Rc8 19. Ng5 Kg8 20. Rh1 c4 21. Kg1 Nfxd5 22.
Nxh7 Kxh7 23. exd5 Nxd5 24. Qd2 c3 25. Qh6+ Kg8 26. Bxg6 fxg6 27. Qxg6+ Kh8 28.
Qh6+ Kg8 29. Qg6+ Kh8 30. Qh6+ 1/2-1/2

[Event "Challenge"]
[Site "http://www.queenalice.com/game.php?id=80354"]
[Date "2006.6.26"]
[Round "-"]
[White "Fuzion"]
[Black "Nias"]
[Result "1-0"]
[WhiteElo "1769"]
[BlackElo "1510"]

1. e4 e5 2. Nf3 Qf6 3. Nc3 c6 4. d4 h6 5. dxe5 Qe6 6. Be2 f5 7. exf5 Qxf5 8. O-O
Be7 9. Re1 g5 10. Bd3 Qf7 11. Be3 d5 12. Bd4 Be6 13. a4 a5 14. Ne2 h5 15. Qd2 g4
16. Ng5 Bxg5 17. Qxg5 Ne7 18. Nf4 Nf5 19. Nxe6 Qxe6 20. Bxf5 Qh6 21. Bg6+ Kd7
22. e6+ Kd6 23. Qe5+ 1-0

[Event "Challenge"]
[Site "http://www.queenalice.com/game.php?id=81013"]
[Date "2006.6.29"]
[Round "-"]
[White "Fuzion"]
[Black "Diego_Silveira"]
[Result "0-1"]
[WhiteElo "1758"]
[BlackElo "1840"]

1. e4 c6 2. d4 d5 3. Nc3 dxe4 4. Nxe4 Nf6 5. Nxf6+ gxf6 6. Nf3 Bf5 7. Bd3 Bg6 8.
Bf4 e6 9. O-O Bd6 10. Bh6 Nd7 11. Nh4 Qc7 12. g3 O-O-O 13. Nxg6 hxg6 14. Be3 Rh3
15. Kg2 Rdh8 16. Rh1 f5 17. f4 g5 18. Qd2 gxf4 19. Bxf4 Nf6 20. Be2 Ne4 21. Qe3
Bxf4 22. Qxf4 Qxf4 23. gxf4 Re3 24. Bd3 Rg8+ 25. Kf1 Rf3+ 26. Ke2 Rxf4 27. Ke3
Rh4 28. Raf1 Nf6 29. Be2 Nd5+ 30. Kd3 Nf4+ 31. Ke3 Nxe2 32. Kxe2 Rxd4 33. h4 Rh8
34. h5 Rg4 35. Rh2 Kd7 36. Rfh1 Rh6 37. Kf3 e5 38. Rh4 Rxh4 39. Rxh4 Ke6 40. c4
Kf6 0-1

[Event "QA-ANNIV-02"]
[Site "http://www.queenalice.com/game.php?id=90980"]
[Date "2006.7.31"]
[Round "2"]
[White "franzjonas"]
[Black "Fuzion"]
[Result "1-0"]
[WhiteElo "1753"]
[BlackElo "1777"]

1. e4 c5 2. Nf3 d6 3. c3 Nf6 4. d3 g6 5. g3 Bg7 6. Nbd2 O-O 7. Bg2 e5 8. O-O Nc6
9. a4 Bg4 10. Qb3 Qd7 11. Nc4 Nh5 12. Be3 Kh8 13. a5 f5 14. a6 b6 15. h3 fxe4
16. dxe4 Bxf3 17. Bxf3 Rxf3 18. Qd1 Rf6 19. Bg5 Re6 20. Bh4 Rf8 21. Qg4 Bf6 22.
Ne3 1-0

[Event "AUTO-ADV-240"]
[Site "http://www.queenalice.com/game.php?id=101289"]
[Date "2006.8.31"]
[Round "1"]
[White "Fuzion"]
[Black "Ftrupel"]
[Result "1-0"]
[WhiteElo "1743"]
[BlackElo "1832"]

1. e4 c5 2. Nf3 a6 3. d4 e6 4. Nc3 cxd4 5. Nxd4 Bc5 6. Be3 Qb6 7. Na4 Qb4+ 8. c3
Qa5 9. Nxc5 Qxc5 10. Nxe6 Qe5 11. Bd4 Qxe4+ 12. Be2 dxe6 13. O-O Nc6 14. Bxg7 b5
15. Bf3 Qg6 16. Bxc6+ Ke7 17. Qd4 Ra7 18. Qxa7+ 1-0

[Event "AUTO-ADV-240"]
[Site "http://www.queenalice.com/game.php?id=101291"]
[Date "2006.8.31"]
[Round "1"]
[White "Fuzion"]
[Black "dilucia"]
[Result "0-1"]
[WhiteElo "1745"]
[BlackElo "2198"]

1. e4 e5 2. Nf3 Nc6 3. Bc4 Bc5 4. c3 Nf6 5. d3 O-O 6. O-O d6 7. Nbd2 a6 8. Bb3
Bg4 9. h3 Bh5 10. Re1 Re8 11. Nf1 Na5 12. Bc2 Nc6 13. Ng3 Bg6 14. Nh4 Nxe4 15.
Nxg6 Nxf2 16. Qf3 Nxd3+ 17. Be3 Nxe1 18. Rxe1 Bxe3+ 19. Rxe3 hxg6 20. Bb3 Qe7
0-1

[Event "AUTO-ADV-240"]
[Site "http://www.queenalice.com/game.php?id=101292"]
[Date "2006.8.31"]
[Round "1"]
[White "dilucia"]
[Black "Fuzion"]
[Result "1-0"]
[WhiteElo "2145"]
[BlackElo "1760"]

1. d4 Nf6 2. c4 g6 3. Nc3 Bg7 4. e4 d6 5. Nf3 O-O 6. Be2 e5 7. dxe5 dxe5 8. Qxd8
Rxd8 9. Bg5 Rf8 10. Nd5 Nxd5 11. cxd5 c6 12. Be7 Re8 13. d6 Nd7 14. Rd1 f6 15.
Bc4+ Kh8 16. Bf7 Rf8 17. Bxf8 Bxf8 18. Be8 1-0

[Event "AUTO-ADV-240"]
[Site "http://www.queenalice.com/game.php?id=101293"]
[Date "2006.8.31"]
[Round "1"]
[White "Fuzion"]
[Black "Harir"]
[Result "0-1"]
[WhiteElo "1760"]
[BlackElo "1726"]

1. e4 e5 2. Nf3 Nc6 3. Bc4 Nf6 4. Ng5 d5 5. exd5 Nxd5 6. d4 Nxd4 7. c3 Be7 8.
cxd4 Bxg5 9. Bxg5 Qxg5 10. Bxd5 exd4 11. Qxd4 Qc1+ 12. Qd1 Qxb2 0-1

[Event "AUTO-ADV-240"]
[Site "http://www.queenalice.com/game.php?id=101294"]
[Date "2006.8.31"]
[Round "1"]
[White "Harir"]
[Black "Fuzion"]
[Result "1-0"]
[WhiteElo "1979"]
[BlackElo "1743"]

1. e4 c5 2. Bc4 e6 3. c3 d5 4. exd5 exd5 5. Bb5+ Bd7 6. Bxd7+ Nxd7 7. Nf3 Ngf6
8. O-O Be7 9. d4 O-O 10. Re1 Bd6 11. dxc5 Bxc5 12. Bf4 Qb6 13. Re2 Rfe8 14. b4
Bxf2+ 15. Rxf2 Ng4 16. Bg3 Re7 17. Qxd5 Ndf6 18. Qd6 Qe3 19. Nbd2 1-0

[Event "Challenge"]
[Site "http://www.queenalice.com/game.php?id=108025"]
[Date "2006.9.20"]
[Round "-"]
[White "raskolnikoff"]
[Black "Fuzion"]
[Result "0-1"]
[WhiteElo "1657"]
[BlackElo "1763"]

1. e4 c5 2. Nf3 d6 3. d4 cxd4 4. Nxd4 Nf6 5. Nc3 g6 6. Bc4 Bg7 7. Be3 Nc6 8. O-O
O-O 9. Nxc6 bxc6 10. Qd3 Bb7 11. Rad1 Qa5 12. f4 Qh5 13. f5 c5 14. b3 Ng4 15.
Bd5 Qxh2# 0-1